000 01013nam a2200265 i 4500
003 DO-SdBNP
005 20250626152436.0
007 ta
008 240815s2024 dr a 000 j spa d
020 _a9789945189506
040 _aDO-SdBNP
_bspa
_cBNPHU
_erda
082 _axxx
_bV434p
_222
100 1 _aVelázquez, Ninoska,
_911765
_eautor
_4aut.
245 1 0 _aPalabras que danzan /
_cNinoska Velásquez
264 1 _aSanto Domingo :
_bEditora Búho
_c2024.
300 _a99 páginas :
_bilustraciones ;
_c18 cm.
336 _atexto
_btxt
_2rdacontent
337 _asin mediación
_bn
_2rdamedia
338 _avolumen
_bnc
_2rdacarrier
500 _aIncluye datos biográficos de la autor en las solapas.
520 _aNinoska nos sorprende llenándonos de figuras hermosas, metáforas únicas que reflejan el alma, una cadencia balletistica que no se deja esconder y danzamos entre sus letras llenándonos el alma de poesía.
590 _aInventariado, 2024/ YL
910 _aYLockward
942 _2ddc
_cLBS1
999 _c57462
_d57462